000 00616nam a2200205Ii 4500
003 JO-AjNU
008 230605s9999||||xx |||||||||||||| ||und||
017 _a2000/8/1598
040 _aJO-AjNU
_bara
_erda
_cJO-AjNU
041 _aara
050 1 4 _aQA184.A9282 2003
100 3 _aصبري ، عزام احمد,
_eauthor
_928341
245 0 0 _aمبادئ الجبر الخطي
264 3 1 _aاربد:دار عالم الكتب ، 2000
300 _a202ص
336 _atext
_btxt
_2rdacontent
337 _aunmediated
_bn
_2rdamedia
338 _avolume
_bnc
_2rdacarrier
650 4 _aالجبر الخطي
_928342
999 _aA10980
_c14548
_d14548